000 00515nam a2200181Ia 4500
005 20250326141200.0
008 250326s9999 xx 000 0 und d
037 _aTextbook
040 _aFMSL
_beng
_cFMSL
041 _aeng
_2eng
084 _qFMSL
100 _aHalder L
_9743886
245 0 _aEvery managers guide to human resource development
_cHalder L; Nalder Z
260 _aSan Francisco
_bSan Francisco, Jossey-Bass Publishing
_c1992
300 _a185p
942 _cTB
999 _c1289101
_d1289101